| 000 | 00813cab a2200265 4500 | ||
|---|---|---|---|
| 001 | WB3104-14 | ||
| 008 | 090401t1995 xxu||||| |||| 00| 0 eng d | ||
| 035 | _a(Sirsi) u75057 | ||
| 041 | _aeng | ||
| 245 | _aWillow - a power in the land | ||
| 260 | _c1995 | ||
| 350 | _a0 | ||
| 490 |
_aDaily Telegraph _v21 January 1995, 3(1) |
||
| 520 | _aWillow and poplar coppice is an increasingly attractive source of renewable `clean energy` and government support for its production is growing rapidly. | ||
| 650 | _aALTERNATIVE ENERGY | ||
| 650 | _aBIOFUELS | ||
| 650 | _aCLEAN ENERGY | ||
| 650 | _aENERGY CROPS | ||
| 650 | _aRENEWABLE ENERGY SOURCES | ||
| 650 | _aWILLOW COPPICE | ||
| 690 | _aENVIRONMENTAL AND LAND CONSULTANCY-ENERGY | ||
| 690 | _aRURAL PRACTICE | ||
| 942 | _n0 | ||
| 948 | _c04/03/1997 | ||
| 999 |
_c47287 _d47287 |
||